书目信息 |
| 题名: |
糖尿病人怎样进行体育锻炼
|
|
| 作者: | 吴明方 编著 | |
| 分册: | ||
| 出版信息: | 苏州 苏州大学出版社 1999.09 |
|
| 页数: | 158页 | |
| 开本: | 32开 | |
| 丛书名: | ||
| 单 册: | ||
| 中图分类: | R455 | |
| 科图分类: | ||
| 主题词: | 治疗学 | |
| 电子资源: | ||
| ISBN: | 7-81037-572-5 | |
| 000 | 00580nam0 2200193 45 | |
| 001 | 0010040984 | |
| 005 | 20001004093319.3 | |
| 010 | @a7-81037-572-5@d7.00元 | |
| 100 | @a20001004d1999 km y0chiy0120 ea | |
| 101 | 0 | @achi |
| 105 | @a z 000yy | |
| 200 | 1 | @a糖尿病人怎样进行体育锻炼@ATang Niao Bing Ren Zen Yang Jin Xing Ti Yu Duan Lian@f吴明方 编著@FWu Ming Fang Bian Zhu |
| 210 | @a苏州@c苏州大学出版社@d1999.09 | |
| 215 | @a158页@d32开 | |
| 606 | 0 | @a治疗学 |
| 690 | @aR455@v3 | |
| 701 | 0 | @a吴明方@4编著 |
| 801 | @aCN@bPftUser@c20001004 | |
| 905 | @b164513-517@dR455@eW246@f5 | |
| 糖尿病人怎样进行体育锻炼/吴明方 编著.-苏州:苏州大学出版社,1999.09 |
| 158页;32开 |
| ISBN 7-81037-572-5:7.00元 |
| ● |
| 相关链接 |
|
|
|
正题名:糖尿病人怎样进行体育锻炼
索取号:R455/W246
 
预约/预借
| 序号 | 登录号 | 条形码 | 馆藏地/架位号 | 状态 | 备注 |
| 1 | 164513 | 201645130 | 自科库401/401自科库 17排1列5层/ [索取号:R455/W246] | 在馆 | |
| 2 | 164514 | 201645149 | 自科库401/401自科库 17排1列5层/ [索取号:R455/W246] | 在馆 | |
| 3 | 164515 | 201645158 | 自科库401/401自科库 17排1列5层/ [索取号:R455/W246] | 在馆 | |
| 4 | 164516 | 201645167 | 自科库401/401自科库 17排1列5层/ [索取号:R455/W246] | 在馆 | |
| 5 | 164517 | 201645176 | 自科库401/401自科库 17排1列5层/ [索取号:R455/W246] | 在馆 |